| 000 | 00457nam a2200157Ia 4500 | ||
|---|---|---|---|
| 008 | 210210b1985 xxu||||| |||| 00| 0 eng d | ||
| 082 | _a658.785 DOBP | ||
| 100 | _aDOBLER (Donald W) and others. | ||
| 245 | _aPurchasing and materials management: text and cases. Ed 4. | ||
| 250 | _a | ||
| 260 |
_aNew Delhi. _bT M H Publishing Co. Ltd. _c1985 |
||
| 300 | _axv,796 | ||
| 650 | _aPurchasing Materials Management | ||
| 690 | _aManagement | ||
| 906 | _a040686 | ||
| 999 |
_c90324 _d90324 |
||